ბათუმის შოთა რუსთაველის სახელმწიფო უნივერსიტეტის ბიბლიოთეკა

Hastings Law Journal : (ბიბ.ჩანაწერი № 62265)

000 -LEADER
fixed length control field 00488nam a22001697a 4500
005 - DATE AND TIME OF LATEST TRANSACTION
control field 20240909121500.0
008 - FIXED-LENGTH DATA ELEMENTS--GENERAL INFORMATION
fixed length control field 240909c2012 enk||||| |||| 00| 0 eng d
022 ## - INTERNATIONAL STANDARD SERIAL NUMBER
International Standard Serial Number 0017 8322.
041 ## - LANGUAGE CODE
Language code of text/sound track or separate title eng
245 ## - TITLE STATEMENT
Title Hastings Law Journal :
Remainder of title 2012 /
Statement of responsibility, etc. Editor J. L. Grantz.
260 ## - PUBLICATION, DISTRIBUTION, ETC.
Place of publication, distribution, etc. California,
Date of publication, distribution, etc. 2012.
300 ## - PHYSICAL DESCRIPTION
Extent V.
653 ## - INDEX TERM--UNCONTROLLED
Uncontrolled term სამართალი
653 ## - INDEX TERM--UNCONTROLLED
Uncontrolled term პერიოდიკა
700 ## - ADDED ENTRY--PERSONAL NAME
Personal name Grantz, J. L.
Relator term რედაქტორი
9 (RLIN) 23184
942 ## - ADDED ENTRY ELEMENTS (KOHA)
Source of classification or shelving scheme
Koha item type პერიოდიკა
ეგზემპლარები
Withdrawn status Lost status Source of classification or shelving scheme Damaged status Not for loan Permanent Location Current Location Date acquired Serial Enumeration / chronology Barcode Date last seen Copy number Price effective from Koha item type Shelving location Full call number
          ბათუმის შოთა რუსთაველის სახელმწიფო უნივერსიტეტის მთავარი ბიბლიოთეკა ბათუმის შოთა რუსთაველის სახელმწიფო უნივერსიტეტის მთავარი ბიბლიოთეკა 2024-09-09 Vol. 63. # 2 January 2012 81325 2024-09-09 81325 2024-09-09 პერიოდიკა    
          ბათუმის შოთა რუსთაველის სახელმწიფო უნივერსიტეტის მთავარი ბიბლიოთეკა ბათუმის შოთა რუსთაველის სახელმწიფო უნივერსიტეტის მთავარი ბიბლიოთეკა 2024-09-09 Vol. 64. #1 December 2012 81330 2024-09-09 81330 2024-09-09 პერიოდიკა    
          ბათუმის შოთა რუსთაველის სახელმწიფო უნივერსიტეტის მთავარი ბიბლიოთეკა ბათუმის შოთა რუსთაველის სახელმწიფო უნივერსიტეტის მთავარი ბიბლიოთეკა 2024-09-09 Vol. 63. # 6 August 2010 81329 2024-09-09   2024-09-09 პერიოდიკა წიგნსაცავი 81329
          ბათუმის შოთა რუსთაველის სახელმწიფო უნივერსიტეტის მთავარი ბიბლიოთეკა ბათუმის შოთა რუსთაველის სახელმწიფო უნივერსიტეტის მთავარი ბიბლიოთეკა 2024-09-09 Vol. 63. # 4 May 2010 81327 2024-09-09   2024-09-09 პერიოდიკა წიგნსაცავი 81327
          ბათუმის შოთა რუსთაველის სახელმწიფო უნივერსიტეტის მთავარი ბიბლიოთეკა ბათუმის შოთა რუსთაველის სახელმწიფო უნივერსიტეტის მთავარი ბიბლიოთეკა 2024-09-09 Vol. 63. # 3 March 2010 81326 2024-09-09   2024-09-09 პერიოდიკა წიგნსაცავი 81326
          ბათუმის შოთა რუსთაველის სახელმწიფო უნივერსიტეტის მთავარი ბიბლიოთეკა ბათუმის შოთა რუსთაველის სახელმწიფო უნივერსიტეტის მთავარი ბიბლიოთეკა 2024-09-09 Vol. 63. #5 June 2010 81328 2024-09-09   2024-09-09 პერიოდიკა წიგნსაცავი 81328